000 01371nac a22002777a 4500
003 Co-PeBPM
005 20240321160157.0
007 ta
008 240321s2009 |||||||| |||| 00| 0 spa d
020 1 _a9788492678563
040 _aCo-PeBPM
_bspa
_cCo-PeBPM
_erda
041 _aspa
082 0 4 _a813 D278s
_222
100 1 _aDe La Cruz, Melissa
_eautora
245 1 0 _aLos Sangre Azul
_c/ Melissa De La Cruz; traducción Antonio Resines y Herminia Bevia
260 _aMadrid, España
_bTikal Ediciones
_c2009
300 _a314 páginas
_c21 centímetros
500 _aContiene datos biográficos de la autora
520 _aPor fin llega a nuestro país el último best seller mundial de temática vampírica. Melissa de la Cruz introduce con éxito una nueva concepción del mito, alejada de la visión tradicional del vampiro como demonio que se oculta en las sombras para reconvertirlo en un personaje esteta y elitista plenamente integrado en nuestro mundo actual. A todo aquel que disfrute leyendo historias de vampiros le encantará "Los Sangre Azul", una colección repleta de misterios sobrenaturales con un ritmo frenético.
546 _aspa
650 1 _aLiteratura estadounidense
_2Lemb
650 1 _aLiteratura juvenil estadounidense
_2Lemb
700 _aResines, Antonio,
_etraducción
700 _aBevia, Herminia,
_etraducción
942 _2ddc
_cBK
_n0
999 _c26637
_d26637